Contribución del Cuerpo Especializado en Seguridad Fronteriza Terrestre (CESFRONT), a través de sus accione de control y seguridad en el mercado transfronterizo, en la Provincia Independencia, República Dominicana 2018-2019 / (Registro nro. 6680)

Detalles MARC
000 -CABECERA
campo de control de longitud fija 01844nam a22002417a 4500
003 - IDENTIFICADOR DEL NÚMERO DE CONTROL
campo de control DO-SdBJH
005 - FECHA Y HORA DE LA ÚLTIMA TRANSACCIÓN
campo de control 20211012140345.0
008 - DATOS DE LONGITUD FIJA--INFORMACIÓN GENERAL
campo de control de longitud fija 211012b ||||| |||| 00| 0 spa d
040 ## - FUENTE DE LA CATALOGACIÓN
Centro catalogador/agencia de origen DO-SdBJH
Lengua de catalogación spa
Centro/agencia transcriptor DO-SdBJH
090 ## - LOCALMENTE ASIGNADO TIPO-LC NÚMERO DE CLASIFICACIÓN (OCLC); NÚMERO DE CLASIFICACIÓN LOCAL (RLIN)
Número de clasificación (OCLC) (R) ; Numero de clasificación, CALL (RLIN) (NR) TG EGDC
Número cutter local (OCLC) ; Número de libro/Signatura topográfica íntegra, CALL (RLIN) 01743 2020
100 1# - ENTRADA PRINCIPAL--NOMBRE DE PERSONA
Nombre de persona Caba Fernández, Yunior Rafael
Término indicativo de función/relación sustentante
245 10 - MENCIÓN DE TÍTULO
Título Contribución del Cuerpo Especializado en Seguridad Fronteriza Terrestre (CESFRONT), a través de sus accione de control y seguridad en el mercado transfronterizo, en la Provincia Independencia, República Dominicana 2018-2019 /
Mención de responsabilidad, etc. Yunior Rafael Caba Fernández, Robertson Enrique Paulino Roa, asesores Ambiorix de Jesús Cepeda Hernández, Santiago Morales Gómez
260 ## - PUBLICACIÓN, DISTRIBUCIÓN, ETC.
Lugar de publicación, distribución, etc. Santo Domingo :
Nombre del editor, distribuidor, etc. INSUDE,
Fecha de publicación, distribución, etc. 2020
300 ## - DESCRIPCIÓN FÍSICA
Extensión xiv, 40 páginas
502 ## - NOTA DE TESIS
Nota de tesis Tesis (Especialidad en Comando y Estado Mayor Conjunto) -- Instituto Superior para la Defensa (INSUDE). – Escuela de Graduados de Doctrina Conjunta “General de División Gregorio Luperón” 2020.
504 ## - NOTA DE BIBLIOGRAFÍA, ETC.
Nota de bibliografía, etc. Incluye referencias bibliográficas e índices
505 ## - NOTA DE CONTENIDO CON FORMATO
Nota de contenido con formato Antecedentes CESFRONT para ejecutar sus acciones de control y seguridad en el mercado transfronterizo en la Provincia Independencia. -- Factores que inciden en el CESFRONT para la ejecución de sus acciones de control y seguridad en el mercado transfronterizo en la Provincia Independencia. -- Capacidades de inteligencia, operacional y logística del CESFRONT y seguridad en el mercado acciones transfronterizo en la Provincia Independencia
700 1# - PUNTO DE ACCESO ADICIONAL--NOMBRE DE PERSONA
Nombre de persona Paulino Roa, Robertson Enrique
Término indicativo de función/relación sustentante
700 1# - PUNTO DE ACCESO ADICIONAL--NOMBRE DE PERSONA
Nombre de persona Cepeda Hernández, Ambiorix de Jesús
Término indicativo de función/relación asesor
700 1# - PUNTO DE ACCESO ADICIONAL--NOMBRE DE PERSONA
Nombre de persona Morales Gómez, Santiago
Término indicativo de función/relación asesor
830 ## - PUNTO DE ACCESO ADICIONAL DE SERIE-TÍTULO UNIFORME
Título uniforme INSUDE. Escuela de Graduados de Doctrina Conjunta “General de División Gregorio Luperón” 2017. Tesis y disertaciones académicas
942 ## - ELEMENTOS DE PUNTO DE ACCESO ADICIONAL (KOHA)
Fuente del sistema de clasificación o colocación Clasificación Local
Tipo de ítem Koha Tesis
Existencias
Estado de retiro Estado de pérdida Fuente del sistema de clasificación o colocación Estado dañado No para préstamo Código de colección Localización permanente Ubicación/localización actual Fecha de adquisición Número de inventario Total de préstamos Signatura topográfica completa Código de barras Fecha visto por última vez Número de copia Precio válido a partir de Tipo de ítem Koha
    Clasificación Local   Préstamo Interno Trabajos de Grado e Investigción SIBM UNADE - Biblioteca Sede Central SIBM UNADE - Biblioteca Sede Central 10/12/2021 01743   TG EGDC 01743 2020 01743 10/12/2021 e.1 10/12/2021 Tesis
© Copyright 2016. Universidad Nacional para la Defensa.Todos los derechos reservados.

 

Designed & Maintained by: https://www.sibdweb.com.do
Sistema de Información & Bibliotecas (SIBD). Contact: pbrito2005@gmail.com